00329 2200133 4500001002100000005001500021035002000036245005500056260004000111082000800151084001200159990001200171990001200183INLIS00000000000257520250605121434 a0010-0625000161 aMenulis Artikel Karya Ilmiah /cDrs. Totok Djuroto aBandung :bRemaja Rosdakarya,c2003 a400 a400 MEN a0420986 a0420987